Größte Städte Asiens - Statistiken

Allgemein
  • Dieses Quiz wurde 110 mal gespielt
  • Das Durchschnittsergebnis liegt bei 15 aus 20
Antwortstatistiken
Einwohner Stadt % Korrekt
41.0 Mio. Tokio
99%
21.2 Mio. Peking
93%
40.8 Mio. Shanghai
90%
27.1 Mio. Mumbai
86%
34.6 Mio. Delhi
85%
25.1 Mio. Seoul
85%
21.2 Mio. Bangkok
84%
29.2 Mio. Jakarta
84%
27.2 Mio. Manila
82%
16.5 Mio. Teheran
79%
70.1 Mio. Guangzhou
76%
17.7 Mio. Osaka
73%
17.7 Mio. Kalkutta
71%
22.5 Mio. Dhaka
68%
15.9 Mio. Istanbul
64%
14.2 Mio. Bengaluru
60%
20.9 Mio. Karatschi
60%
14.5 Mio. Lahore
58%
17.3 Mio. Chengdu
51%
14.9 Mio. Xiamen
51%
Keine übereinstimmenden Quizze gefunden
Verteilung der Resultate
Anzahl Personen mit jedem Resultat
Perzentil nach korrekt beantworteten Fragen
Ihre Resultats-Entwicklung
Sie haben dieses Quiz noch nicht gespielt